00315nam a2200121Ia 4500008004100000041000800041082001700049100001400066245003200080260004400112300003000156365000700186240624s9999 xx 000 0 und d aeng a658.4013 MAH aMAHAJAN M aSTATISTICAL QUALITY CONTROL c2005aDelhibDhanpat Rai & Co. (P) Ltd. axv, : 544 : p. : cm. ; 21 cRS